Statistics for karma song lyrics

Click here to take the quiz!

General Stats

  • This quiz has been taken 5 times
  • The average score is 341 of 374

Answer Stats

lyrics% Correct
a
100%
acrobat
100%
and
100%
aren't
100%
boy
100%
boyfriend
100%
breeze
100%
but
100%
cat
100%
cause
100%
coming
100%
down
100%
envious
100%
flexing
100%
for
100%
god
100%
godamn
100%
hair
100%
honey
100%
i
100%
if
100%
in
100%
is
100%
it
100%
its
100%
just
100%
karma
100%
karma's
100%
lap
100%
like
100%
loves
100%
me
100%
my
100%
of
100%
on
100%
purring
100%
relaxing
100%
sweet
100%
that
100%
the
100%
there
100%
thought
100%
to
100%
vibe
100%
weekend
100%
what
100%
why
100%
you
100%
your
100%
addicted
75%
all
75%
around
75%
ask
75%
back
75%
betrayal
75%
bounty
75%
burned
75%
by
75%
clean
75%
dare
75%
everyone
75%
fade
75%
friends
75%
from
75%
get
75%
glare
75%
gonna
75%
ground
75%
guy
75%
hell
75%
here)
75%
here
75%
hunter
75%
(im
75%
im
75%
justice
75%
keep
75%
know
75%
learned
75%
look
75%
many
75%
mean
75%
not
75%
queen
75%
rattling
75%
scent
75%
screen
75%
shit
75%
side
75%
so
75%
step
75%
still
75%
straight
75%
street
75%
summit
75%
talking
75%
tears
75%
terrified
75%
those
75%
thunder
75%
town
75%
track
75%
wouldn't
75%
years
75%
youre
75%
ain't
50%
cash
50%
crown
50%
don't
50%
home
50%
king
50%
little
50%
made
50%
once
50%
only
50%
opacity
50%
price
50%
see
50%
spider
50%
takes
50%
thieves
50%
trick
50%
twice
50%
weave
50%
webs
50%
you'll
50%
pennies
25%
relavent
0%

Score Distribution

Percentile by Number Answered

Percent of People with Each Score

Your Score History

You have not taken this quiz